Catalog

Record Details

Catalog Search



Living adventures from American history. Album #1 ... Read More

Kelley, Allan.(Author).
Kelley, Frances.(Added Author).

Available copies

  • 0 of 1 copy available at LARL/NWRL Consortium.

Current holds

0 current holds with 1 total copy.

Show Only Available Copies
Location Call Number / Copy Notes Barcode Shelving Location Status Due Date
Roseau Public Library BOOK-ON-CD j 973.3 KEL (Text) 35500004782940 Main Checked out 07/03/2026

Record details

  • ISBN: 0944168140
  • ISBN: 9780944168141
  • Physical Description: 1 sound disc : digital ; 4 3/4 in.
  • Publisher: Portland, Maine : Eye-in-the-Ear Audio, 2000?

Content descriptions

General Note:
On container: "Dramatized by the renowned storyteller, Frances Kelley."
Formatted Contents Note:
Paul Revere - "The midnight ride for freedom" -- ... Read More
Participant or Performer Note:
Narrated by Frances Kelley.
Summary, etc.:
Paul Revere: The story of how Paul Rever's ... Read More
Subject: Revere, Paul, 1735-1818 > Juvenile literature.
Pitcher, Molly, 1754-1832 > Juvenile literature.
Hale, Nathan, 1755-1776 > Juvenile literature.
Lexington, Battle of, Lexington, Mass., 1775 > Juvenile literature.
United States. Continental Army > Military life > Juvenile literature.
Valley Forge (Pa.) > History > 18th century > Juvenile literature.
Monmouth, Battle of, Freehold, N.J., 1778 > Juvenile literature.
United States > History > Revolution, 1775-1783 > Secret service > Juvenile literature.
Children's audiobooks.
Genre: Children's audiobooks.
Compact discs.
LDR 02629cim a2200481Ka 4500
001124777
003LARL_NWRL_CONSORTIUM
00520101119170057.0
007sd fsngnn||||d
008051004s200u meunnn j f eng d
019 . ‡a62391468
020 . ‡a0944168140
020 . ‡a9780944168141
0241 . ‡a759433000490
02801. ‡a491297 ‡bAudio Adventures and Landmark Audiobooks
035 . ‡a(OCoLC)61774036 ‡z(OCoLC)62391468
040 . ‡aOEL ‡cOEL ‡dBAKER ‡dOCLCG ‡dOCLCQ ‡dIEU ‡dNRG
049 . ‡aNRGP
092 . ‡a973.3
1001 . ‡aKelley, Allan.
24510. ‡aLiving adventures from American history. ‡nAlbum #1 ‡h[CD/sound recording] / ‡cnarrated by Frances Kelley ; written by Allan Kelley.
260 . ‡aPortland, Maine : ‡bEye-in-the-Ear Audio, ‡c2000?
300 . ‡a1 sound disc : ‡bdigital ; ‡c4 3/4 in.
500 . ‡aOn container: "Dramatized by the renowned storyteller, Frances Kelley."
5050 . ‡aPaul Revere - "The midnight ride for freedom" -- Two soldiers - "One winter's day at Valley Forge" -- Molly Pitcher - "The lady with the cannon" -- Nathan Hale - "The spy who died a hero."
5110 . ‡aNarrated by Frances Kelley.
520 . ‡aPaul Revere: The story of how Paul Rever's historic ride sparked the American Revolution. Two soldiers: The story of how two shivering young soldiers kept America's hopes alive during the bitter cold winter at Valley Forge. Molly Pitcher: The story of how a teenage girl, carrying only a pitcher, was a hero in the Battle of Monmouth. Nathan Hale: The story of how a young American officer sacrificed his life to safeguard George Washington's fight for freedom.
60010. ‡aRevere, Paul, ‡d1735-1818 ‡vJuvenile literature.
60010. ‡aPitcher, Molly, ‡d1754-1832 ‡vJuvenile literature.
60010. ‡aHale, Nathan, ‡d1755-1776 ‡vJuvenile literature.
650 0. ‡aLexington, Battle of, Lexington, Mass., 1775 ‡vJuvenile literature. ‡0(LARL_NWRL_CONSORTIUM)172741
61010. ‡aUnited States. ‡bContinental Army ‡xMilitary life ‡vJuvenile literature.
651 0. ‡aValley Forge (Pa.) ‡xHistory ‡y18th century ‡vJuvenile literature.
650 0. ‡aMonmouth, Battle of, Freehold, N.J., 1778 ‡vJuvenile literature.
651 0. ‡aUnited States ‡xHistory ‡yRevolution, 1775-1783 ‡xSecret service ‡vJuvenile literature. ‡0(LARL_NWRL_CONSORTIUM)33388
650 0. ‡aChildren's audiobooks. ‡0(LARL_NWRL_CONSORTIUM)39585
655 7. ‡aChildren's audiobooks. ‡2lcsh ‡0(LARL_NWRL_CONSORTIUM)175844
655 7. ‡aCompact discs. ‡2lcsh
7001 . ‡aKelley, Frances. ‡0(LARL_NWRL_CONSORTIUM)180014
994 . ‡aC0 ‡bNRG
901 . ‡a124777 ‡bOCLC ‡c124777 ‡tbiblio

Additional Resources